000 00845nam a2200253Ia 4500
003 OSt
005 20221005112547.0
006 a|||||r|||| 00| 0
007 ta
008 221004b |||||||| |||| 00| 0 pan d
020 _c150
024 _a11325
037 _b837, 20/03/2014, H.K. Prakashan
_cTextual
040 _aCRL
_cCRL
_bpan
041 _2pan
_apan
082 _aO153:g, P7
100 _aਰਵਿੰਦਰ ਕੁਮਾਰ
245 0 _aਰਚਨਾ ਵਿਰਚਨਾ
_b ਸਿਧਾਂਤ ਅਤੇ ਵਿਹਾਰ
260 _aਚੰਡੀਗੜ
_bਲੋਕਗੀਤ ਭਾਰਤ
_c2007
300 _a127ਪੰ
_ccm.
650 _aਪੰਜਾਬੀ ਸਾਹਿਤ
942 _hO153:g, P7
_cTEXL
_2cc
999 _c1025247
_d1025247